| 000 | 00639nam a2200193 i 4500 | ||
|---|---|---|---|
| 001 | 95558 | ||
| 003 | ES-MaACL | ||
| 005 | 20250806062943.0 | ||
| 007 | t| | ||
| 008 | 050531s1968 sp ||||1| spa d | ||
| 100 | 1 |
_aLlopis Martín, José. _972844 |
|
| 245 | 1 | 0 |
_aDe genealogía médica. _nParte I / _cJosé Llopis Martín. |
| 260 |
_aGuadalajara : _bJ. Llopis, _cD.L. 1968 ( _fEmilio Cobos, Librería-Papelería) |
||
| 300 |
_a191, 5 p. : _bgráf. col. ; _c31 cm. |
||
| 500 | _aEjemplar multicopista. Es el t. 1. | ||
| 650 | 0 | 7 |
_aMedicina psicosomática _2embne _914937 |
| 852 |
_aES-MaACL _jP-1313 _bR.65401 |
||
| 999 |
_c95558 _d95558 |
||